| 000 | 00761nam a2200229 a 4500 | ||
|---|---|---|---|
| 001 | 47953 | ||
| 003 | BD-RjUL | ||
| 005 | 20211209054429.0 | ||
| 008 | 160811m19661951paua 001 0 eng | ||
| 035 | _a(BD-RjUL)48072 | ||
| 040 |
_aDLC _cDLC _dEQO _dBD-RjUL _beng |
||
| 041 | _aeng | ||
| 082 |
_a345.5491002632 _223 _bNIC 1966 |
||
| 100 |
_aNizami, Muhammad Mazhar Hassan _9142468 |
||
| 245 | 1 | 0 |
_aCode of criminal procedure : _b(v of 1898) With Commentary / _cMuhammad Mazhar Hassan Nizami ;Re-written A. M. Choudhary |
| 250 | _a6th ed. | ||
| 260 |
_aLahore : _bAll Pakistan Legal Decisions, _c1966, |
||
| 300 |
_alxxiv, 496, 109,173 p. ; _c24 cm. |
||
| 650 | 0 |
_aCriminal procedure _zPakistan _9141105 |
|
| 700 |
_aChoudhary, A. M. _9145509 |
||
| 942 |
_2ddc _cBK |
||
| 999 |
_c47953 _d47953 |
||